Pengembaraan roh merentasi tujuh alam / (Record no. 930)

000 -LEADER
fixed length control field nam a22 a 4500
003 - CONTROL NUMBER IDENTIFIER
control field AKMAL
005 - DATE AND TIME OF LATEST TRANSACTION
control field 20170508093925.0
008 - FIXED-LENGTH DATA ELEMENTS--GENERAL INFORMATION
fixed length control field 170508r19991995my 00 may d
020 ## - INTERNATIONAL STANDARD BOOK NUMBER
International Standard Book Number 9830460657 (kkt.) :
Terms of availability RM 12.00
040 ## - CATALOGING SOURCE
Original cataloging agency AKMAL
082 04 - DEWEY DECIMAL CLASSIFICATION NUMBER
Classification number 297.23 MUH
Edition number 22
090 00 - LOCALLY ASSIGNED LC-TYPE CALL NUMBER (OCLC); LOCAL CALL NUMBER (RLIN)
Classification number (OCLC) (R) ; Classification number, CALL (RLIN) (NR) 297.23
Local cutter number (OCLC) ; Book number/undivided call number, CALL (RLIN) MUH
245 00 - TITLE STATEMENT
Title Pengembaraan roh merentasi tujuh alam /
Statement of responsibility, etc. susunan Muhammad Isa Selamat
260 ## - PUBLICATION, DISTRIBUTION, ETC.
Place of publication, distribution, etc. Kuala Lumpur :
Name of publisher, distributor, etc. Darul Nu'man,
Date of publication, distribution, etc. 1999
300 ## - PHYSICAL DESCRIPTION
Extent x, 280ms. ;
Dimensions 21cm.
500 ## - GENERAL NOTE
General note Mengandungi ayat-ayat dari Quran
504 ## - BIBLIOGRAPHY, ETC. NOTE
Bibliography, etc. note Bibliografi : ms. 280
650 ## - SUBJECT ADDED ENTRY--TOPICAL TERM
Topical term or geographic name entry element Islam
General subdivision Doctrines
9 (RLIN) 894
700 0# - ADDED ENTRY--PERSONAL NAME
Personal name Muhamad Isa Selamat
9 (RLIN) 1982
942 ## - ADDED ENTRY ELEMENTS (KOHA)
Source of classification or shelving scheme
Koha item type Book
Holdings
Withdrawn status Lost status Source of classification or shelving scheme Damaged status Not for loan Collection code Home library Current library Shelving location Date acquired Inventory number Total Checkouts Total Renewals Full call number Barcode Date last seen Date last checked out Price effective from Koha item type
          NON-FICTION AKMAL Melaka AKMAL Melaka PINJAMAN 08.05.2017 200677 6 2 297.23 MUH 201702071 24.10.2018 03.10.2018 08.05.2017 Book
Pusat Sumber Maklumat Dato' Haji Sarmin Md Hussin, Akademi Kastam Diraja Malaysia, Melaka
Tel: 06-2331106 | Faks: 06-2313787